01047nab a2200253uuc4500001000800000005001700008008004100025035001200066040001300078041001300091100003800104245009900142246009800241650003200339650003500371650004600406650007500452700003600527700004100563700005000604773011000654942001000764999001900774141750420240202122109.0150805e20150601 mul  a1417504 ccomduadb aENGamul10aCornejo, Carlos4auteaut962534610aRecuerdo secuencial y recuerdo vivido en el curso de la experiencia: un estudio videográfico1 aSequential remembering and lived remembering in the flow of experience: a videographic study. aCorporalidad humana9210382 aRecuerdo (Psicología)962938 aMemoria - Aspectos psicológicos9215667 aBergson, Henry Louis, 1859-1941 - Crítica e interpretación920636010aOpazo, Paloma4auteaut972993410aOlivares, Himmbler4auteaut972867510aSepúlveda Correa, Daniela4auteaut96820460 tEstudios de Psicología (Madrid)gVolumen 36, Número 02, Junio 2015, 451-480w113762x0210-9395089405 cARIMP c717943d717943